Stranded in Moscow : (Record no. 564)
[ view plain ]
| 000 -LEADER | |
|---|---|
| fixed length control field | 00605cam a2200205 a 4500 |
| 005 - DATE AND TIME OF LATEST TRANSACTION | |
| control field | 20260322212025.0 |
| 008 - FIXED-LENGTH DATA ELEMENTS--GENERAL INFORMATION | |
| fixed length control field | data |
| 010 ## - LIBRARY OF CONGRESS CONTROL NUMBER | |
| LC control number | 96071741 |
| 040 ## - CATALOGING SOURCE | |
| Original cataloging agency | DLC |
| Transcribing agency | DLC |
| Modifying agency | DLC |
| 043 ## - GEOGRAPHIC AREA CODE | |
| Geographic area code | e-ru--- |
| 050 00 - LIBRARY OF CONGRESS CALL NUMBER | |
| Classification number | DK601.2 |
| Item number | .F87 1997 |
| 092 ## - LOCALLY ASSIGNED DEWEY CALL NUMBER (OCLC) | |
| Classification number | 947.31 F87 1997 |
| 001 - CONTROL NUMBER | |
| control field | data |
| 100 1# - MAIN ENTRY--PERSONAL NAME | |
| Personal name | Furmanek, Rick. |
| 245 10 - TITLE STATEMENT | |
| Title | Stranded in Moscow : |
| Remainder of title | an American's story of life in the new Russia / |
| Statement of responsibility, etc. | Rick Furmanek. |
| 260 ## - PUBLICATION, DISTRIBUTION, ETC. | |
| Place of publication, distribution, etc. | Gilbert, Ariz. : |
| Name of publisher, distributor, etc. | Square Peg Press, |
| Date of publication, distribution, etc. | c1997. |
| 300 ## - PHYSICAL DESCRIPTION | |
| Extent | 286 p. ; |
| Dimensions | 24 cm. |
| 600 10 - SUBJECT ADDED ENTRY--PERSONAL NAME | |
| Personal name | Furmanek, Rick |
| General subdivision | Travel |
| Geographic subdivision | Moscow. |
| -- | Moscow. |
| 651 #0 - SUBJECT ADDED ENTRY--GEOGRAPHIC NAME | |
| Geographic name | Moscow (Russia) |
| General subdivision | Description and travel. |
| Withdrawn status | Lost status | Damaged status | Not for loan | Home library | Current library | Shelving location | Date acquired | Total checkouts | Full call number | Barcode | Date last seen | Price effective from | Koha item type |
|---|---|---|---|---|---|---|---|---|---|---|---|---|---|
| Franklin | Franklin | General stacks | 22/03/2026 | DK601.2 .F87 1997 | BC0010577 | 22/03/2026 | 22/03/2026 | Books |